Geldtheorie Vorlesung auf der Allgemeinen Gleichgewichtstheorie und der Institutionenökonomik

Enregistré dans:
Détails bibliographiques
Auteur principal: Richter, Rudolf
Format: Livre
Langue:allemand
Publié: London Springer 1990
Édition:2. durchgeseh. und ergänzte Aufl.
Tags: Ajouter un tag
Pas de tags, Soyez le premier à ajouter un tag!

MARC

LEADER 00000nam a2200000 4500
001 c028214
005 20221215124429.6
041 0 |a ger 
044 |a GB 
245 1 0 |a Geldtheorie  |b Vorlesung auf der Allgemeinen Gleichgewichtstheorie und der Institutionenökonomik  |c Rudolf Richter 
250 |a 2. durchgeseh. und ergänzte Aufl. 
264 1 |a London  |b Springer  |c 1990 
300 |a 398 s. 
100 1 |a Richter, Rudolf